01283nam a22001817a 450000500170000000800410001702000180005804100080007608200130008410000270009724500110012426000180013530000070015336500190016052008920017965000080107170000220107920250409104449.0250328b |||||||| |||| 00| 0 eng d a9783836505390 aEng a700bGAN aGantefuhrer-Trier Anne aCubism bTaschenc2024 a95 b1359.00cRs.00 a• A New Cognitive Order? • George Braque - Large Nude Houses in L’Estaque Castle at La Roche-Guyon Violin & Palette Woman with a Mandolin Bottle & Fishes Bowl of Fruit, Bottle & Glass Pipe, Glass, Dice & Newspaper • Robert Delaunay - The Tower with Curtains • Raymand Duchamp-Villon - The Great Horse • Henri La Fauconnier - The Huntsman • Albert Gleizes - The Cathedral of Chartres In the port • Juan Gris Houses in Paris The Smoker The Guitar The Breakfast • Fernand Leger - Nude Figures in a Wood Smoke Still-Life with colorful Cylindrical Forms The Balcony • Jean Metzinger - Tea Time The Bathers Still-Life • Pablo Picasso – Les Demoiselles d’Avignon Three Women Bread & Fruit Dish on a Table The Reservoir, Horta de Ebro Houses on the Hill, Horta de Ebro Girl with a Mandolin (Fanny Tellier) Guitar Pipe, Glass, Bottle of Vieux Marc  aArt aGrosenick Uta Ed.